[Event "SC Diogenes II - Hamburger SK V"]
[Site "Landesliga Hamburg 2022/23"]
[Date "2023.02.05"]
[Round "5.5"]
[White "Fuhrmann, Aake"]
[Black "Kalla, Christian"]
[Result "1-0"]
[WhiteElo "1968"]
[BlackElo "1994"]
[PlyCount "89"]

1. d4 Nf6 2. c4 g6 3. Nc3 d5 4. Nf3 Bg7 5. Qb3 dxc4 6. Qxc4 O-O 7. Bf4 c6 8. e4
Nbd7 9. Rd1 Nb6 10. Qd3 Be6 11. Be2 Bc4 12. Qc2 Bxe2 13. Nxe2 Qc8 14. O-O Qe6
15. Nc3 Qc4 16. h3 Rfd8 17. Rd2 Rac8 18. Rfd1 a5 19. Be3 Qa6 20. b3 a4 21. Ne5
Nfd7 22. Ng4 h5 23. Nh6+ Kf8 24. Nxa4 Nxa4 25. bxa4 Nb6 26. Qb3 Nc4 27. Rc2 b5
28. g4 e6 29. gxh5 Nxe3 30. Qxe3 Qxa4 31. Rcd2 gxh5 32. d5 cxd5 33. exd5 Rxd5
34. Rxd5 exd5 35. Rxd5 Qc4 36. Rxh5 Qxa2 37. Rf5 Rc7 38. Rxb5 Qa1+ 39. Kh2 Qa8
40. Qb3 Bxh6 41. Rb8+ Rc8 42. Qb4+ Kg7 43. Qg4+ Kf6 44. Rxa8 Rxa8 45. Qd4+ 1-0

[Event "SC Diogenes II - Hamburger SK V"]
[Site "Landesliga Hamburg 2022/23"]
[Date "2023.02.05"]
[Round "5.6"]
[White "Buchholz, Robert"]
[Black "Huo, Da"]
[Result "0-1"]
[WhiteElo "2004"]
[BlackElo "1896"]
[PlyCount "58"]

1. d4 Nf6 2. c4 g6 3. Nc3 Bg7 4. e4 d6 5. h3 O-O 6. Bg5 c6 7. Bd3 Na6 8. Nge2
Nc7 9. Qd2 b5 10. a3 bxc4 11. Bxc4 d5 12. exd5 cxd5 13. Bd3 Nfe8 14. Bh6 f6 15.
h4 e5 16. Bxg7 Nxg7 17. f3 Nge6 18. dxe5 fxe5 19. Qh6 Qe7 20. O-O-O Nc5 21. Bc2
Be6 22. Ng3 Rab8 23. Rhe1 Nd7 24. Ba4 d4 25. Nce4 Rfc8 26. Bxd7 Bxd7 27. Re2
Ba4 28. Rdd2 Nb5+ 29. Kb1 Nxa3+ 0-1

[Event "SC Diogenes II - Hamburger SK V"]
[Site "Landesliga Hamburg 2022/23"]
[Date "2023.02.05"]
[Round "5.7"]
[White "Foo, Tzun Hong"]
[Black "Zehic, Emir"]
[Result "1/2-1/2"]
[WhiteElo "1939"]
[BlackElo "1734"]
[PlyCount "84"]

1. e4 e5 2. Nf3 Nc6 3. Bb5 Bc5 4. O-O Nge7 5. c3 a6 6. Ba4 b5 7. Bc2 d5 8. d4
exd4 9. cxd4 Bb6 10. h3 O-O 11. Nc3 Rb8 12. Bg5 f6 13. Be3 dxe4 14. Bxe4 Bf5
15. Qc2 Bxe4 16. Qxe4 b4 17. Ne2 Qd5 18. Qc2 Nf5 19. Nf4 Ncxd4 20. Bxd4 Nxd4
21. Nxd4 Qxd4 22. Ne6 Qd6 23. Nxf8 Kxf8 24. Qxh7 Rd8 25. h4 Bd4 26. Rad1 c5 27.
b3 Re8 28. Rxd4 Qxd4 29. Qh8+ Kf7 30. Qh5+ Kf8 31. Rd1 Qe5 32. Qg6 Qe4 33. Qh5
Qe5 34. Qh8+ Kf7 35. Rd7+ Re7 36. Rd8 Qe1+ 37. Kh2 Qe5+ 38. Kh3 Qf5+ 39. Kh2
Qf4+ 40. Kh3 Qf5+ 41. Kg3 Qe5+ 42. Kh3 Qf5+ 1/2-1/2

[Event "TV Fischbek - SV Diagonale Harburg"]
[Site "Landesliga Hamburg 2022/23"]
[Date "2023.02.05"]
[Round "5.10"]
[White "de Voogt, Juergen"]
[Black "Fries-Nielsen, Niels Jorgen"]
[Result "1/2-1/2"]
[WhiteElo "2252"]
[BlackElo "2286"]
[PlyCount "122"]

1. e4 c5 2. Nc3 Nc6 3. g3 d6 4. Bg2 g6 5. d3 h5 6. h3 Bd7 7. Be3 Bg7 8. Nge2
Qc8 9. d4 cxd4 10. Nxd4 Ne5 11. Qe2 Nc4 12. O-O-O Nxe3 13. Qxe3 Qc5 14. Kb1 Rc8
15. Rhe1 b5 16. Qd3 b4 17. Nce2 Nf6 18. f4 O-O 19. Nc1 e5 20. Ncb3 Qc7 21. Nf3
Be6 22. Rd2 Rfd8 23. Qe3 a5 24. Ng5 Bc4 25. Bf1 a4 26. Nc1 exf4 27. gxf4 Re8
28. Bxc4 Qxc4 29. Qd3 Bh6 30. Rde2 a3 31. b3 Qc5 32. h4 Rc7 33. e5 Nd5 34. Ne4
Nc3+ 35. Nxc3 Qxc3 36. Qxc3 bxc3 37. exd6 Rxe2 38. dxc7 Rxe1 39. c8=Q+ Kh7 40.
Qxc3 Rf1 41. Qd3 Rxf4 42. c4 Rxh4 43. Qd5 Rf4 44. Nd3 Rf1+ 45. Kc2 h4 46. c5 h3
47. c6 h2 48. c7 h1=Q 49. Qxh1 Rxh1 50. c8=Q Rh2+ 51. Kc3 Rxa2 52. Nb4 Rf2 53.
Qc5 a2 54. Nxa2 Rxa2 55. b4 Bd2+ 56. Kd3 Bxb4 57. Qxb4 Rh2 58. Qf4 Rh3+ 59. Kd4
Kg7 60. Qe5+ Kg8 61. Qe8+ Kg7 1/2-1/2

[Event "TV Fischbek - SV Diagonale Harburg"]
[Site "Landesliga Hamburg 2022/23"]
[Date "2023.02.05"]
[Round "5.11"]
[White "Guindy, Esmat Susanne"]
[Black "Kneip, Jakob"]
[Result "0-1"]
[WhiteElo "2050"]
[BlackElo "2118"]
[PlyCount "126"]

1. d4 d5 2. Nf3 e6 3. g3 b5 4. Bg2 Nf6 5. O-O Bb7 6. b3 b4 7. a3 a5 8. c4 bxc3
9. Nxc3 Nbd7 10. Bd2 c5 11. Na4 Ne4 12. Nxc5 Ndxc5 13. dxc5 Bxc5 14. b4 Nxd2
15. Qxd2 axb4 16. axb4 Bb6 17. Qd3 O-O 18. h4 h6 19. e3 Qd6 20. b5 Rfc8 21.
Rfd1 Qb4 22. Rxa8 Rxa8 23. Qb1 Qxb1 24. Rxb1 Kf8 25. Ne5 Ke7 26. Nc6+ Bxc6 27.
bxc6 Rb8 28. Kf1 Kd6 29. e4 Kxc6 30. exd5+ exd5 31. Rd1 Rd8 32. Rd2 Rd6 33. Ke2
Kc5 34. Kd3 Rf6 35. h5 Kd6 36. f3 Rf5 37. Rb2 Kc6 38. Rc2+ Bc5 39. g4 Rf4 40.
Rb2 f5 41. Rb8 fxg4 42. fxg4 Rxg4 43. Rc8+ Kb6 44. Bf3 Ra4 45. Re8 Rf4 46. Ke2
Rf5 47. Rb8+ Kc6 48. Rg8 Bf8 49. Bg4 Rf4 50. Ke3 Rxg4 51. Rxf8 Rg5 52. Rf7 Kd6
53. Kf4 Ke6 54. Ra7 Kf6 55. Ra6+ Kf7 56. Ra7+ Kg8 57. Ra8+ Kh7 58. Rd8 Rxh5 59.
Kg4 Rg5+ 60. Kf4 Kg6 61. Rf8 h5 62. Rh8 Rf5+ 63. Ke3 Kg5 0-1

[Event "TV Fischbek - SV Diagonale Harburg"]
[Site "Landesliga Hamburg 2022/23"]
[Date "2023.02.05"]
[Round "5.12"]
[White "Brandt, Carina"]
[Black "Andries, Alf"]
[Result "1/2-1/2"]
[WhiteElo "2056"]
[BlackElo "1998"]
[PlyCount "58"]

1. e4 c5 2. Nf3 Nc6 3. c3 d5 4. exd5 Qxd5 5. d4 Bf5 6. Na3 cxd4 7. Bc4 Qe4+ 8.
Kf1 h6 9. Nb5 O-O-O 10. Qa4 dxc3 11. Nxc3 Qxc4+ 12. Qxc4 Bd3+ 13. Qxd3 Rxd3 14.
Ke2 Rd7 15. Be3 Nf6 16. Rhc1 Kb8 17. b4 e5 18. Nb5 a6 19. Na3 Nd4+ 20. Nxd4
exd4 21. Bf4+ Ka7 22. Rc8 Re7+ 23. Kd3 Re8 24. Rxe8 Nxe8 25. Nc2 Bd6 26. Bxd6
Nxd6 27. Nxd4 Rd8 28. Nb3 b6 29. Re1 Rd7 1/2-1/2

[Event "TV Fischbek - SV Diagonale Harburg"]
[Site "Landesliga Hamburg 2022/23"]
[Date "2023.02.05"]
[Round "5.13"]
[White "Martin-Sommerfeldt, Luis"]
[Black "Rolf, Marco"]
[Result "0-1"]
[WhiteElo "2023"]
[BlackElo "2076"]
[PlyCount "96"]

1. Nf3 d5 2. d4 Nf6 3. e3 c5 4. b3 Nc6 5. Bb2 Bg4 6. Be2 e6 7. O-O Be7 8. Nbd2
O-O 9. dxc5 Bxc5 10. c4 Qe7 11. cxd5 exd5 12. a3 a5 13. h3 Bh5 14. Re1 Rfe8 15.
Qb1 Rad8 16. Bb5 Ne4 17. Qc1 Rc8 18. Nxe4 dxe4 19. Qc3 f6 20. Nd2 Red8 21. Bxc6
Rxc6 22. Qxa5 Bf7 23. Nc4 Ra6 24. Qc3 b5 25. Nd2 b4 26. Qc2 bxa3 27. Nxe4 Bb4
28. Bc3 Bg6 29. f3 Bxe4 30. fxe4 Qc7 31. Qe2 Bxc3 32. Qxa6 Bxe1 33. Rxe1 Qc3
34. Qc4+ Qxc4 35. bxc4 a2 36. Ra1 Rd2 37. c5 Kf7 38. c6 Ke7 39. c7 Kd7 40. Rc1
Kc8 41. Kh2 Rb2 42. Ra1 Kxc7 43. Kg3 Kb6 44. Kf3 Kc5 45. g3 Kc4 46. e5 fxe5 47.
Ke4 Kb3 48. Kxe5 Rg2 0-1

[Event "TV Fischbek - SV Diagonale Harburg"]
[Site "Landesliga Hamburg 2022/23"]
[Date "2023.02.05"]
[Round "5.14"]
[White "Schneider, Alexander"]
[Black "Syed, Tareq"]
[Result "1-0"]
[WhiteElo "2074"]
[BlackElo "1954"]
[PlyCount "82"]

1. e4 d6 2. d4 Nf6 3. Nc3 e5 4. Nf3 Nbd7 5. Bc4 h6 6. Be3 Be7 7. Bb3 c6 8. h3
Qc7 9. a4 Nf8 10. Qd3 Ne6 11. Bxe6 Bxe6 12. d5 Bd7 13. Nd2 c5 14. Nb5 Qb8 15.
f4 a6 16. Nc3 exf4 17. Bxf4 b5 18. axb5 axb5 19. O-O O-O 20. b4 cxb4 21. Ne2
Rc8 22. Nb3 Ra3 23. Bd2 Rc4 24. Ned4 Ne8 25. Rad1 Bd8 26. Qf3 Bf6 27. Be3 Rc3
28. Qf2 Qc7 29. Rd2 Ra2 30. g4 Kh7 31. h4 Rxe3 32. Qxe3 Qc3 33. Rd3 Qc4 34. g5
Be5 35. Rxf7 Bg4 36. Rf8 Bh5 37. Qf2 Rb2 38. Qf5+ Bg6 39. Qe6 Rb1+ 40. Kf2 Bxe4
41. g6+ Bxg6 1-0

[Event "TV Fischbek - SV Diagonale Harburg"]
[Site "Landesliga Hamburg 2022/23"]
[Date "2023.02.05"]
[Round "5.16"]
[White "Egelriede, Nikolas"]
[Black "Haschimi, Haschem"]
[Result "1/2-1/2"]
[WhiteElo "1865"]
[BlackElo "1828"]
[PlyCount "79"]

1. e4 c6 2. c4 e5 3. Nc3 Bc5 4. d3 Nf6 5. Bg5 O-O 6. Nf3 d6 7. Qc2 h6 8. Bh4
Be6 9. Be2 Nbd7 10. O-O Qc7 11. Rfd1 d5 12. Na4 dxe4 13. dxe4 g5 14. Nxc5 Nxc5
15. Bg3 Nfd7 16. b4 Na6 17. Qb2 f6 18. Nd4 Rae8 19. c5 Kh7 20. Bxa6 bxa6 21.
Qd2 Rf7 22. Qe2 a5 23. Qf3 Nf8 24. Nf5 Bxf5 25. Qxf5+ Kg7 26. a3 axb4 27. axb4
Qb7 28. Rab1 Ne6 29. h4 Nd4 30. Qg4 Qb5 31. Rd2 a5 32. hxg5 hxg5 33. f4 exf4
34. Rxd4 fxg3 35. Qxg3 axb4 36. Rbxb4 Qxc5 37. Rbc4 Qb6 38. Rb4 Qa7 39. Ra4 Qb6
40. Rab4 1/2-1/2

[Event "SK Johanneum Eppendorf II - HSK IV"]
[Site "Landesliga Hamburg 2022/23"]
[Date "2023.02.05"]
[Round "5.17"]
[White "Groetzbach, Julian"]
[Black "Wenzel, Birger"]
[Result "1-0"]
[WhiteElo "2241"]
[BlackElo "1999"]
[PlyCount "145"]

1. e4 c6 2. d4 d5 3. exd5 cxd5 4. Bd3 Nf6 5. c3 Bg4 6. Qb3 Qc7 7. h3 Bh5 8. Ne2
Bxe2 9. Bf4 Qd7 10. Bxe2 Nc6 11. Nd2 e6 12. O-O Be7 13. Bd3 O-O 14. Qd1 Rfc8
15. Qe2 a6 16. a4 Na7 17. Nf3 b5 18. Ne5 Qb7 19. Rfe1 Bd8 20. g4 Ne8 21. g5 g6
22. Ng4 Rc6 23. h4 Ng7 24. Be5 Nf5 25. Bxf5 gxf5 26. Nh2 b4 27. Qh5 Qe7 28. Re3
bxc3 29. bxc3 Rb6 30. Nf3 Nc6 31. Bf6 Qf8 32. Kh1 Rab8 33. Ne5 Nxe5 34. Bxe5
Rb1+ 35. Re1 R1b2 36. Bxb8 Rxb8 37. Rab1 Bc7 38. Qe2 Qd6 39. Qe5 Rxb1 40. Rxb1
Qc6 41. Qe3 Qxa4 42. h5 Qc2 43. Rc1 Qb2 44. Rg1 f4 45. Qe1 Qc2 46. f3 Qf5 47.
Kh2 Qd3 48. Qf1 Qxf1 49. Rxf1 Bd8 50. Ra1 Bxg5 51. Rxa6 Kg7 52. Kh3 h6 53. Ra7
Bd8 54. Kg4 Bb6 55. Ra6 Bc7 56. Rc6 Bb8 57. Rc8 Bd6 58. c4 dxc4 59. Rxc4 f5+
60. Kh3 Kf7 61. Rc6 Ke7 62. Kg2 Ba3 63. Kf1 Kf7 64. Ke2 Bf8 65. Kd3 Bg7 66. Kc4
Bf6 67. Ra6 Be7 68. d5 exd5+ 69. Kxd5 Bg5 70. Ke5 Ke7 71. Kxf5 Kd7 72. Ra7+ Kd6
73. Rg7 1-0

[Event "SK Johanneum Eppendorf II - HSK IV"]
[Site "Landesliga Hamburg 2022/23"]
[Date "2023.02.05"]
[Round "5.18"]
[White "Johannsen, Dennis"]
[Black "Groetzbach, Daniel"]
[Result "1/2-1/2"]
[WhiteElo "2088"]
[BlackElo "2048"]
[PlyCount "104"]

1. Nf3 d5 2. d4 Nf6 3. Bf4 c5 4. c3 Nc6 5. e3 Qb6 6. Qb3 c4 7. Qxb6 axb6 8.
Nbd2 b5 9. a3 Bf5 10. Rc1 h6 11. h3 Nd7 12. Be2 Nb6 13. Bd1 Nc8 14. O-O Bd3 15.
Re1 f5 16. Be2 Bxe2 17. Rxe2 g5 18. Be5 Rg8 19. g4 e6 20. Nf1 Nxe5 21. dxe5 Bc5
22. Ng3 Ne7 23. Nd4 Bxd4 24. exd4 fxg4 25. hxg4 Ng6 26. Nh5 Ke7 27. Kg2 Raf8
28. Kg3 Nf4 29. Nxf4 Rxf4 30. Rh1 Rh8 31. Rh3 Rh7 32. f3 Kd7 33. Reh2 Rhf7 34.
Kg2 Ke7 35. Rg3 Rh7 36. Kf2 Kf7 37. Ke3 Ke7 38. Rgh3 Rhf7 39. Rh1 h5 40. Rg1 h4
41. b3 Kd7 42. Rb1 Kc6 43. b4 b6 44. Ra1 Kb7 45. a4 bxa4 46. Rxa4 Rf8 47. Ra2
R8f7 48. Ra3 Rf8 49. Ra2 R8f7 50. Ra3 Rf8 51. Ra2 R8f7 52. Ra3 Rf8 1/2-1/2

[Event "SK Johanneum Eppendorf II - HSK IV"]
[Site "Landesliga Hamburg 2022/23"]
[Date "2023.02.05"]
[Round "5.19"]
[White "Frackowiak, Oliver"]
[Black "Keyser, Philipp"]
[Result "1-0"]
[WhiteElo "2140"]
[BlackElo "2064"]
[PlyCount "89"]

1. e4 c5 2. c3 Nf6 3. e5 Nd5 4. d4 cxd4 5. cxd4 Nc6 6. Nf3 g6 7. Qb3 e6 8. Nbd2
Qb6 9. Qxb6 Nxb6 10. Ne4 Bb4+ 11. Bd2 d5 12. exd6 O-O 13. O-O-O Bxd2+ 14. Rxd2
f5 15. Nc5 Rd8 16. d7 Bxd7 17. Nxb7 Rdc8 18. Nd6 Rc7 19. Nb5 Rcc8 20. Nd6 Rc7
21. Kb1 Nb4 22. Ne5 Ba4 23. b3 Bc6 24. Nxc6 Rxc6 25. Nc4 Rac8 26. Be2 N6d5 27.
Bf3 Ra6 28. a3 Nc3+ 29. Kb2 Nbd5 30. Rc1 Nb5 31. a4 Nd6 32. Bxd5 exd5 33. Nxd6
Rxc1 34. Kxc1 Rxd6 35. Re2 Kf7 36. Re5 a5 37. Kb2 f4 38. f3 h5 39. h4 Kf6 40.
Ka3 Rc6 41. Rxd5 Rc2 42. Rg5 Rd2 43. d5 Kf7 44. d6 Kf6 45. d7 1-0

[Event "SK Johanneum Eppendorf II - HSK IV"]
[Site "Landesliga Hamburg 2022/23"]
[Date "2023.02.05"]
[Round "5.20"]
[White "Zobel, Andrej"]
[Black "Jantzen, Hans-Joerg"]
[Result "1/2-1/2"]
[WhiteElo "2051"]
[BlackElo "2144"]
[PlyCount "66"]

1. d4 Nf6 2. c4 e6 3. Nc3 Bb4 4. f3 c5 5. d5 e5 6. Qc2 d6 7. e4 Nbd7 8. Nh3 h6
9. a3 Bxc3+ 10. Qxc3 Nf8 11. Nf2 Qe7 12. Be3 g5 13. Be2 Ng6 14. g3 Bd7 15.
O-O-O a6 16. Qa5 Qd8 17. Qxd8+ Kxd8 18. b4 b6 19. Kd2 a5 20. bxc5 bxc5 21. Rb1
Kc7 22. Rb2 Rhb8 23. Rhb1 Rxb2+ 24. Rxb2 Ng8 25. Kd3 N8e7 26. Nd1 f5 27. Bd2 f4
28. Nc3 Nc8 29. Nb5+ Kd8 30. Rb1 Be8 31. Bf1 Bd7 32. Be2 Be8 33. Bf1 Bd7
1/2-1/2

[Event "SK Johanneum Eppendorf II - HSK IV"]
[Site "Landesliga Hamburg 2022/23"]
[Date "2023.02.05"]
[Round "5.21"]
[White "Atri, Jamshid"]
[Black "Seidel, Mika"]
[Result "0-1"]
[WhiteElo "1992"]
[BlackElo "1964"]
[PlyCount "122"]

1. e4 c5 2. Nf3 e6 3. d4 cxd4 4. Nxd4 a6 5. c4 Qc7 6. Nc3 Nf6 7. a3 Be7 8. Be2
d6 9. O-O O-O 10. Be3 Nbd7 11. Rc1 b6 12. Qd2 Bb7 13. f3 Rfe8 14. Rfd1 Rac8 15.
b4 Ne5 16. Na4 Qd8 17. Nb3 Nfd7 18. Nb2 Rb8 19. f4 Ng6 20. e5 d5 21. c5 bxc5
22. Nxc5 Nxc5 23. Bxc5 Rc8 24. Bxe7 Qxe7 25. Qd4 Rc7 26. Nd3 Rec8 27. Rc5 Nh4
28. Bg4 a5 29. Rdc1 axb4 30. axb4 Ba6 31. Rxc7 Rxc7 32. Rxc7 Qxc7 33. Qc5 Qb8
34. Nf2 Ng6 35. g3 h6 36. Bh3 Nf8 37. Bf1 Bxf1 38. Kxf1 Nd7 39. Qc6 Nb6 40. b5
Nc4 41. Nd3 Qa7 42. Qc5 Qa1+ 43. Ne1 Qc1 44. Qf2 Qb1 45. Qc5 Nd2+ 46. Ke2 Ne4
47. Qc6 Qb2+ 48. Qc2 Qxb5+ 49. Nd3 Qb6 50. Qc1 Qd4 51. Qb2 Qg1 52. Kf3 g5 53.
Qe2 Kg7 54. Kg4 Kg6 55. fxg5 hxg5 56. Kh3 Nc3 57. Qf3 Ne4 58. Qe2 Qh1 59. Nf2
Qb1 60. Ng4 Qg1 61. Ne3 Nf2+ 0-1

[Event "SK Johanneum Eppendorf II - HSK IV"]
[Site "Landesliga Hamburg 2022/23"]
[Date "2023.02.05"]
[Round "5.22"]
[White "Dumjahn, Carsten"]
[Black "Salenko, Vadim"]
[Result "1-0"]
[WhiteElo "1961"]
[BlackElo "2007"]
[PlyCount "95"]

1. d4 d5 2. Nf3 e6 3. g3 Bd6 4. Bg2 Nd7 5. O-O f5 6. c4 c6 7. Qc2 g6 8. Bf4
Bxf4 9. gxf4 Ngf6 10. Nbd2 O-O 11. Ne5 Nxe5 12. dxe5 Ne4 13. Nb3 dxc4 14. Qxc4
Nd2 15. Nxd2 Qxd2 16. b4 a5 17. a3 axb4 18. axb4 Rxa1 19. Rxa1 g5 20. fxg5 Qxg5
21. f4 Qd8 22. Ra3 Kh8 23. Qc5 Rg8 24. Rd3 Qh4 25. Qf2 Qe7 26. Qd4 Qh4 27. Qf2
Qe7 28. Rd6 Qg7 29. e3 Qg4 30. Kf1 Qg7 31. Bf3 Bd7 32. Ke2 Ra8 33. Qh4 Kg8 34.
Qg3 Ra2+ 35. Kd3 Qxg3 36. hxg3 Be8 37. Rd8 Kf8 38. Bh5 Ke7 39. Rxe8+ Kd7 40.
Rh8 Kc7 41. Rxh7+ Kb6 42. g4 fxg4 43. Bxg4 Ra3+ 44. Ke2 Rb3 45. Bxe6 Rxb4 46.
Bc8 Rb2+ 47. Kf3 Kc5 48. Rxb7 1-0

[Event "SK Johanneum Eppendorf II - HSK IV"]
[Site "Landesliga Hamburg 2022/23"]
[Date "2023.02.05"]
[Round "5.23"]
[White "Juergens, Bernhard"]
[Black "Schmidt, Armin"]
[Result "1/2-1/2"]
[WhiteElo "2142"]
[BlackElo "1965"]
[PlyCount "39"]

1. e4 c6 2. d3 d5 3. Nd2 e5 4. Ngf3 Bd6 5. d4 exd4 6. exd5 cxd5 7. Bb5+ Nc6 8.
O-O Nge7 9. Nb3 Bg4 10. Nbxd4 O-O 11. Be3 Nxd4 12. Bxd4 Nf5 13. Bc3 d4 14. Bd2
Nh4 15. Be2 Nxf3+ 16. Bxf3 Bxf3 17. Qxf3 Qb6 18. Qb3 Qxb3 19. axb3 Rac8 20. c4
1/2-1/2

[Event "SK Johanneum Eppendorf II - HSK IV"]
[Site "Landesliga Hamburg 2022/23"]
[Date "2023.02.05"]
[Round "5.24"]
[White "Wahl, Daniel"]
[Black "Wartenberg, Alissa"]
[Result "0-1"]
[WhiteElo "1928"]
[BlackElo "1835"]
[PlyCount "50"]

1. e4 c5 2. Nf3 e6 3. d4 cxd4 4. Nxd4 Nf6 5. Nc3 a6 6. g3 Nc6 7. Bg2 Qc7 8. O-O
Be7 9. h3 O-O 10. Kh2 b5 11. e5 Qxe5 12. Nxc6 dxc6 13. Bxc6 Ra7 14. Be3 Bc5 15.
Bf4 Qf5 16. Re1 e5 17. Rxe5 Qxh3+ 18. Kg1 Ng4 19. Re2 Qh2+ 20. Kf1 Bxf2 21. Rd2
Re7 22. Ne4 Qh1+ 23. Ke2 Rxe4+ 24. Kd3 Rd4+ 25. Kc3 Qxc6+ 0-1

[Event "SK Weisse Dame - SK Marmstorf"]
[Site "Landesliga Hamburg 2022/23"]
[Date "2023.02.05"]
[Round "5.25"]
[White "Kuberczyk, Christoph"]
[Black "Popist, Florian"]
[Result "1-0"]
[WhiteElo "2282"]
[BlackElo "2177"]
[PlyCount "109"]

1. Nf3 c5 2. g3 g6 3. c3 Bg7 4. d4 cxd4 5. cxd4 d5 6. Nc3 Nf6 7. Bg2 O-O 8. O-O
Nc6 9. Ne5 e6 10. Nxc6 bxc6 11. Bf4 Nh5 12. Be3 Qe7 13. Rc1 Bd7 14. Qd2 Rfd8
15. Rfd1 Be8 16. Na4 e5 17. dxe5 Bxe5 18. Bc5 Qe6 19. e3 f5 20. Bd4 Bd6 21. Nc5
Qf7 22. Qc3 Ng7 23. Bxg7 Bxc5 24. Qxc5 Kxg7 25. b4 Qf8 26. Qa5 Rdb8 27. Rc5 Rb7
28. Rd4 Qe7 29. a3 Qd8 30. Qa6 Rb6 31. Qd3 Qf6 32. h4 Rab8 33. Ra5 R8b7 34. Qc3
Rb5 35. Rxb5 Rxb5 36. Qd2 Qe5 37. Bf1 Rb6 38. Qc2 Qe7 39. Qc3 Qf6 40. Qc5 Qf8
41. Qc3 Qf6 42. Be2 Rb7 43. Kg2 Kf7 44. Qc5 Qe7 45. Qc2 Qc7 46. h5 Bd7 47.
hxg6+ hxg6 48. Qc1 Qe5 49. Bf3 g5 50. Qc5 Qe7 51. Rxd5 Rb5 52. Bh5+ Kf6 53.
Rd6+ Be6 54. Qd4+ Re5 55. f4 1-0

[Event "SK Weisse Dame - SK Marmstorf"]
[Site "Landesliga Hamburg 2022/23"]
[Date "2023.02.05"]
[Round "5.26"]
[White "Mandelbaum, Peter-Rene"]
[Black "Hawellek, Jeronimo"]
[Result "0-1"]
[WhiteElo "2090"]
[BlackElo "2264"]
[PlyCount "80"]

1. e4 d6 2. d4 Nf6 3. Nc3 g6 4. Be3 Bg7 5. h3 O-O 6. Nf3 a6 7. a4 Nc6 8. d5 Ne5
9. Nd4 c5 10. dxc6 Nxc6 11. Be2 Bd7 12. O-O Rc8 13. Nb3 Na5 14. Nxa5 Qxa5 15.
Bf3 Qb4 16. Ra2 e5 17. Bg4 Nxg4 18. hxg4 Be6 19. Nd5 Qxe4 20. Ne7+ Kh8 21. Nxc8
Rxc8 22. b3 Bd5 23. Qf3 Qxf3 24. gxf3 Bxf3 25. c4 Bxg4 26. Rd2 Bf8 27. f4 Kg7
28. Rc1 Be6 29. Kf2 f5 30. Rcd1 Be7 31. Rxd6 Bxd6 32. Rxd6 exf4 33. Bxf4 Rc6
34. c5 Rxd6 35. cxd6 Kf6 36. b4 g5 37. Be3 Bd7 38. a5 Bc6 39. Bb6 f4 40. Bd8+
Kf5 0-1

[Event "SK Weisse Dame - SK Marmstorf"]
[Site "Landesliga Hamburg 2022/23"]
[Date "2023.02.05"]
[Round "5.27"]
[White "Mueller, Jan-Hendrik"]
[Black "Lansky, Georg"]
[Result "1-0"]
[WhiteElo "2135"]
[BlackElo "2065"]
[PlyCount "73"]

1. d4 e6 2. c4 d5 3. Nf3 Nf6 4. e3 Be7 5. b3 O-O 6. Bd3 c5 7. O-O dxc4 8. bxc4
Nc6 9. Bb2 b6 10. Nbd2 Bb7 11. Rc1 h6 12. Qe2 Rc8 13. Rfd1 Qc7 14. Bb1 Rfd8 15.
Nb3 a5 16. a3 a4 17. Nbd2 cxd4 18. exd4 Na5 19. Ne5 Ba6 20. f4 g6 21. Re1 Bf8
22. Nxg6 fxg6 23. Qxe6+ Qf7 24. Qxb6 Nxc4 25. Qxa6 Nxd2 26. Rxc8 Rxc8 27. Qxc8
Nxb1 28. Rxb1 Ne4 29. Re1 Qb3 30. Rxe4 Qd1+ 31. Kf2 Qd2+ 32. Re2 Qxf4+ 33. Kg1
Kh7 34. Qd7+ Kg8 35. Rf2 Qe3 36. Qf7+ Kh8 37. d5+ 1-0

[Event "SK Weisse Dame - SK Marmstorf"]
[Site "Landesliga Hamburg 2022/23"]
[Date "2023.02.05"]
[Round "5.28"]
[White "Schiele, Lars"]
[Black "Ramme, Christoph"]
[Result "0-1"]
[WhiteElo "2059"]
[BlackElo "2129"]
[PlyCount "80"]

1. d4 Nf6 2. c4 e6 3. Nc3 Bb4 4. Qc2 d5 5. cxd5 Qxd5 6. Nf3 Qf5 7. Qxf5 exf5 8.
Bd2 c6 9. e3 Nbd7 10. Bd3 Nb6 11. O-O Bd6 12. Rfc1 O-O 13. Be1 Be6 14. Nd2 Rfd8
15. a4 a5 16. b3 Bb4 17. Nc4 Nbd5 18. Nxd5 Nxd5 19. Ne5 Bxe1 20. Rxe1 Nb4 21.
Bb1 Bxb3 22. Bxf5 f6 23. Nf3 g6 24. Reb1 Bf7 25. Be4 f5 26. Rxb4 axb4 27. Bd3
Ra5 28. Nd2 Rda8 29. Bc2 b3 30. Nxb3 Rxa4 31. Rc1 Kg7 32. h4 Ra3 33. Nc5 Ra1
34. Rxa1 Rxa1+ 35. Kh2 Rc1 36. Bd3 Rc3 37. Bf1 b5 38. Kg3 b4 39. Kf4 b3 40. Bd3
b2 0-1

[Event "SK Weisse Dame - SK Marmstorf"]
[Site "Landesliga Hamburg 2022/23"]
[Date "2023.02.05"]
[Round "5.29"]
[White "Diekmann, Jens"]
[Black "Ludwig, Jan"]
[Result "1/2-1/2"]
[WhiteElo "2054"]
[BlackElo "2048"]
[PlyCount "129"]

1. c4 e6 2. Nf3 f5 3. g3 Nf6 4. Bg2 d5 5. O-O Bd6 6. d3 O-O 7. Nc3 c6 8. e4
dxe4 9. dxe4 Bb4 10. Qxd8 Rxd8 11. Bg5 h6 12. Bxf6 gxf6 13. exf5 exf5 14. Ne2
Be6 15. b3 Na6 16. Nfd4 Nc7 17. Bh3 Bc5 18. Nxe6 Nxe6 19. Bxf5 Ng7 20. Bg4 Rd2
21. a3 f5 22. Bf3 Rd3 23. b4 Rxf3 24. bxc5 Ne6 25. Rfd1 Nxc5 26. Nd4 Rc3 27.
Nxf5 Rxc4 28. Rac1 Rxc1 29. Rxc1 Nd3 30. Rc3 Rd8 31. Nxh6+ Kg7 32. Ng4 a5 33.
h4 Rd6 34. Ne3 Rd8 35. Nc4 a4 36. Na5 Rd7 37. Nc4 Kf6 38. Nb6 Rd4 39. Nxa4 Nxf2
40. Kxf2 Rxa4 41. Rb3 c5 42. Rb6+ Kf5 43. Rxb7 Rxa3 44. Rf7+ Kg6 45. Rf3 Ra2+
46. Ke3 Rc2 47. Kd3 Rc1 48. Kd2 Ra1 49. Rc3 Ra5 50. Ke3 Kh5 51. Kf3 Rb5 52. Ke4
Kg4 53. Kd5 Ra5 54. Re3 Rb5 55. Kc6 Ra5 56. Kb6 Ra8 57. Kxc5 Rd8 58. Kc4 Rd7
59. Kc3 Rd8 60. Rd3 Rc8+ 61. Kd2 Re8 62. Re3 Rd8+ 63. Ke2 Rf8 64. Kd3 Rd8+ 65.
Ke2 1/2-1/2

[Event "SK Weisse Dame - SK Marmstorf"]
[Site "Landesliga Hamburg 2022/23"]
[Date "2023.02.05"]
[Round "5.30"]
[White "Kuhle, Sebastian"]
[Black "Koenig, Friedrich Theodor"]
[Result "0-1"]
[WhiteElo "2050"]
[BlackElo "1900"]
[PlyCount "66"]

1. c4 c6 2. Nf3 d5 3. g3 Nf6 4. Bg2 dxc4 5. Qc2 Be6 6. Ng5 Bd5 7. e4 h6 8. exd5
hxg5 9. dxc6 Nxc6 10. Qxc4 Rc8 11. Qb5 a6 12. Qa4 Qd3 13. Na3 g4 14. Qc4 Qf5
15. d4 e5 16. Qc2 Bb4+ 17. Kf1 e4 18. Qb3 Bxa3 19. bxa3 O-O 20. Be3 Na5 21. Qd1
Nc4 22. Qe2 Nxa3 23. h3 Rc2 24. Qe1 Rfc8 25. hxg4 Nxg4 26. Kg1 Nc4 27. Bh3
Ncxe3 28. fxe3 Qf3 29. Rd1 Nxe3 30. Rh2 Nxd1 31. Bxc8 Rxc8 32. Qd2 Ne3 33. d5
Qf1# 0-1

[Event "SK Weisse Dame - SK Marmstorf"]
[Site "Landesliga Hamburg 2022/23"]
[Date "2023.02.05"]
[Round "5.31"]
[White "Peschke, Matthias"]
[Black "Purniel Umpierre, Christian"]
[Result "1-0"]
[WhiteElo "2000"]
[BlackElo "1970"]
[PlyCount "61"]

1. c4 f5 2. g3 Nf6 3. Bg2 c6 4. d3 e5 5. Nc3 Bb4 6. Bd2 O-O 7. e3 Bxc3 8. Bxc3
Qe7 9. Ne2 Na6 10. O-O Kh8 11. d4 d6 12. b4 e4 13. d5 cxd5 14. cxd5 Nc7 15. Nf4
b6 16. Bh3 Qf7 17. Ne6 Nxe6 18. dxe6 Qxe6 19. Qd4 Qd5 20. Rfd1 Be6 21. Bf1 Qxd4
22. Bxd4 Nd7 23. Ba6 Ne5 24. Kg2 Nf3 25. Bb2 Rad8 26. Rac1 Bxa2 27. Rc7 Ne5 28.
Rxa7 Ra8 29. Rxa8 Rxa8 30. Rxd6 Bc4 31. Bb7 1-0

[Event "SK Weisse Dame - SK Marmstorf"]
[Site "Landesliga Hamburg 2022/23"]
[Date "2023.02.05"]
[Round "5.32"]
[White "Kielhorn, Sebastian"]
[Black "Herlan, Klaus-Juergen"]
[Result "1/2-1/2"]
[WhiteElo "1958"]
[BlackElo "2009"]
[PlyCount "84"]

1. d4 d5 2. c4 c6 3. Nf3 Nf6 4. Nc3 a6 5. cxd5 cxd5 6. Bg5 Ne4 7. Bf4 Nxc3 8.
bxc3 Nc6 9. e3 e6 10. Bd3 Bd6 11. O-O O-O 12. Re1 h6 13. Qe2 f5 14. Bxd6 Qxd6
15. c4 Nb4 16. c5 Qc7 17. Ne5 Nc6 18. f4 Nxe5 19. fxe5 Bd7 20. Rab1 Rae8 21.
Rf1 g6 22. Rf3 Re7 23. Rb6 Be8 24. Rf1 Bc6 25. Qe1 Rg7 26. Qh4 Rh7 27. g4 Kh8
28. Kh1 h5 29. gxf5 gxf5 30. Rg1 Qc8 31. Rg6 Qe8 32. Qg5 h4 33. Rh6 h3 34. Qh4
Rff7 35. Qxh3 Qf8 36. Rxh7+ Rxh7 37. Qg3 Qh6 38. Bxa6 Rg7 39. Qf2 bxa6 40. Rxc6
Qh5 41. Qf1 Qh4 42. h3 Qe4+ 1/2-1/2